Vizualizácia a ovládanie vybraných modulov výrobnej linky AFB Factory v prostredí AVEVA Edge

Gespeichert in:
Bibliographische Detailangaben
1. Verfasser: Gábor, Filip (Verfasst von)
Weitere Verfasser: Važan, Pavel (Betreuung Doktorarbeit)
Format: Manuskript Buch
Sprache:Slowakisch
Veröffentlicht: 2023
Schlagworte:
Online-Zugang:http://is.stuba.sk/zp/portal_zp.pl?podrobnosti=170560
Tags: Tag hinzufügen
Keine Tags, Fügen Sie das erste Tag hinzu!

MARC

LEADER 00000ntm a22000003a 4500
001 stuzp92768
003 SK-STU
005 20230909213530.1
007 ta
008 150427s2015----xo-----f-mn---000-0-slo-d
040 |a STU  |b slo 
041 0 |a slo 
100 1 |a Gábor, Filip  |u 066000  |4 aut  |U MTF Materiálovotechnologická fakulta  |T MTF Ústav aplikovanej informatiky, automatizácie a mechatroniky  |X 97169  |U M6000  |Y 86  |7 97169 
242 0 1 |a Visualization and control of selected modules of the AFB Factory production line in the AVEVA Edge environment  |y eng 
245 1 0 |a Vizualizácia a ovládanie vybraných modulov výrobnej linky AFB Factory v prostredí AVEVA Edge 
260 |c 2023 
650 4 |a HMI  |2 slo 
650 4 |a ISA-101  |2 slo 
650 4 |a AVEVA EDGE  |2 slo 
650 4 |a vizualizácia  |2 slo 
650 4 |a ISA-101  |2 eng 
650 4 |a visualization  |2 eng 
650 4 |a HMI  |2 eng 
650 4 |a AVEVA EDGE  |2 eng 
700 1 |a Važan, Pavel  |u 066000  |k Z1  |4 ths  |U MTF Materiálovotechnologická fakulta  |T MTF Ústav aplikovanej informatiky, automatizácie a mechatroniky  |X 323  |U M6000  |Y 86  |7 A000000323 
856 4 |u http://is.stuba.sk/zp/portal_zp.pl?podrobnosti=170560 
996 |c M* DP-15118  |l MMSKP  |s P  |a 0  |w stuzp92768_0001